العالم الإسلامي المعاصر / (Record no. 14946)
[ view plain ]
| 000 -الفاتح | |
|---|---|
| حقل البيانات ثابتة الطول | 01134nam a2200289 i 4500 |
| 003 - محدد رقم الضبط | |
| رقم الضبط | EG-ScBUE |
| 005 - وقت وتاريخ اخر تعامل مع التسجيلة | |
| رقم الضبط | 20231128104528.0 |
| 008 - عناصر البيانات ثابتة الطول - معلومات عامة | |
| حقل البيانات ثابتة الطول | 110122s ua|||||r|||| 000 0 ara d |
| 017 ## - رقم الإيداع القانونى | |
| رقم الإيداع القانونى | 1997 / 7956 |
| 020 ## - الرقم الدولى المعيارى للكتب | |
| الرقم الدولى المعيارى للكتاب | 9770153079 |
| 040 ## - مصدر الفهرسة | |
| وكالة الفهرسة الأصلية | EG-ScBUE |
| لغة الفهرسة | ara |
| قواعد الوصف | rda |
| وكالة النسخ | EG-ScBUE |
| وكالة التعديل | EG-ScBUE |
| 082 04 - رقم تصنيف ديوى العشرى | |
| رقم التصنيف | 909.09767 |
| رقم المادة | ح م د |
| رقم الطبعة | 22 |
| 100 1# - المدخل الرئيسى - إسم شخصى | |
| الإسم الشخصى | حمدان، جمال، |
| التواريخ المصاحبة للاسم | 1928-1993، |
| الدور | مؤلف. |
| 245 12 - بيان العنوان | |
| العنوان | العالم الإسلامي المعاصر / |
| بيان المسئوليه,etc | د. جمال حمدان. |
| 264 #1 - النشر، التوزيع | |
| مكان الناشر او الموزع | القاهرة : |
| اسم الناشر او الموزع | الهيئة المصرية العامة للكتاب، |
| تاريخ النشر أو التوزيع | 1997. |
| 300 ## - الوصف المادى | |
| التعداد | 252 صفحة ؛ |
| أبعاد الوعاء | 20 سم. |
| 336 ## - نوع المحتوى | |
| source | rdacontent |
| Carrier Type Term | نص |
| Content Type Code | txt |
| 337 ## - نوع الوسيط | |
| Media Type Term | بدون وسيط |
| source | rdamedia |
| Media Type Code | n |
| 338 ## - نوع الحامل أو الناقل | |
| Carrier Type Term | مجلد |
| Carrier Type Code | nc |
| source | rdacarrier |
| 490 0# - بيان السلسلة | |
| عنوان السلسلة | مكتبة الأسرة. |
| -- | الأعمال الفكرية |
| 504 ## - تبصرة ببليوجرافية | |
| تبصرة ببليوجرافية,الخ | يشتمل على إرجاعات ببليوجرافية. |
| 541 ## - تبصرة المصدر المباشر للتزويد | |
| مصدر التزويد | د. باسم احمد ؛ |
| طريقة التزويد | إهداء ؛ |
| 650 #7 - المدخل الاضافى بالموضوع-مصطلح موضوعى | |
| مصدر الرأس أو المصطلح | BUEsh |
| مصطلح موضوعي أو اسم جغرافي كعنصر مدخل | الإسلام |
| التقسيم الفرعي العام | تاريخ |
| التقسيم الفرعي الزمني | العصر الحديث. |
| 650 #7 - المدخل الاضافى بالموضوع-مصطلح موضوعى | |
| مصدر الرأس أو المصطلح | BUEsh |
| مصطلح موضوعي أو اسم جغرافي كعنصر مدخل | الإسلام و السياسة. |
| 655 ## - مصطلح تكشيفى-نوع/شكل | |
| التقسيم الفرعي الشكلي | Reading book |
| 942 ## - عناصر المدخل الإضافي( كوها) | |
| مصدر التصنيف او مخطط الترفيف | Dewey Decimal Classification |
| Koha [default] item type | Book - Borrowing |
| حالة التراجع | حالة الفقد | مصدر التصنيف او خطة الترفيف | حالة تلف | ليس للاعارة | مجموعات كوها | المكان الدائم | المكان الحالي | موقع الترفيف | تاريخ الاكتساب | Source of acquisition | رقم الاستدعاء | الباركود | Date last seen | نوع الوعاء |
|---|---|---|---|---|---|---|---|---|---|---|---|---|---|---|
| Dewey Decimal Classification | Donation-Gift | Central Library | Central Library | Second Floor | 22/01/2011 | Donation | 909.09767 ح م د | 000022794 | 15/07/2025 | Book - Borrowing |